000 00425nam a2200193Ia 4500
005 20240823035437.0
008 240823s9999||||xx |||||||||||||| ||und||
020 _a978-0-141-19140-9
041 _aENGLISH
082 _A848.91 L7
100 _aLe Clezio J M G
245 4 _aThe Flood
250 _a1st
260 _c1967
_bPenguin Cla
500 _aYES
650 _aFlood
_bGeneral
942 _cBK
999 _c200702
_d200702